<?xml version="1.0" encoding="UTF-8"?><?xml-stylesheet type="text/xsl" href="static/style.xsl"?><OAI-PMH xmlns="http://www.openarchives.org/OAI/2.0/" xmlns:xsi="http://www.w3.org/2001/XMLSchema-instance" xsi:schemaLocation="http://www.openarchives.org/OAI/2.0/ http://www.openarchives.org/OAI/2.0/OAI-PMH.xsd"><responseDate>2026-04-27T21:22:32Z</responseDate><request verb="GetRecord" identifier="oai:uvadoc.uva.es:10324/54343" metadataPrefix="marc">https://uvadoc.uva.es/oai/request</request><GetRecord><record><header><identifier>oai:uvadoc.uva.es:10324/54343</identifier><datestamp>2023-10-10T10:40:10Z</datestamp><setSpec>com_10324_38</setSpec><setSpec>col_10324_852</setSpec></header><metadata><record xmlns="http://www.loc.gov/MARC21/slim" xmlns:doc="http://www.lyncode.com/xoai" xmlns:xsi="http://www.w3.org/2001/XMLSchema-instance" xmlns:dcterms="http://purl.org/dc/terms/" xsi:schemaLocation="http://www.loc.gov/MARC21/slim http://www.loc.gov/standards/marcxml/schema/MARC21slim.xsd">
<leader>00925njm 22002777a 4500</leader>
<datafield tag="042" ind1=" " ind2=" ">
<subfield code="a">dc</subfield>
</datafield>
<datafield tag="720" ind1=" " ind2=" ">
<subfield code="a">Perez Arribas, Irene</subfield>
<subfield code="e">author</subfield>
</datafield>
<datafield tag="260" ind1=" " ind2=" ">
<subfield code="c">2022</subfield>
</datafield>
<datafield tag="520" ind1=" " ind2=" ">
<subfield code="a">En el trabajo se realiza un análisis de la situación económica y financiera de la Real &#xd;
Federación Española de Gimnasia, a través de sus documentos contables: balance y &#xd;
cuenta de pérdidas y ganancias, para después poder comparar la situación del sector &#xd;
con la de RFEG. El período de estudio elegido es el 2016 a 2020, año que presenta &#xd;
datos distorsionados por la incidencia del COVID-19.&#xd;
El trabajo se estructura en dos capítulos. En el primero se lleva a cabo un análisis de la &#xd;
normativa que regula las federaciones españolas y un estudio sobre los parámetros mas &#xd;
importantes para estas federaciones como son el endeudamiento, la solvencia y la &#xd;
liquidez para el periodo 2011-2020. En la segunda parte del trabajo, se hace el estudio &#xd;
económico y financiero de la Real Federación Española de Gimnasia, realizando una &#xd;
comparativa entre los datos del sector y de esta federación para poder extraer &#xd;
conclusiones acerca de la situación actual de esta importante federación</subfield>
</datafield>
<datafield tag="024" ind2=" " ind1="8">
<subfield code="a">https://uvadoc.uva.es/handle/10324/54343</subfield>
</datafield>
<datafield ind1=" " ind2=" " tag="653">
<subfield code="a">Deportes - Organización y administración</subfield>
</datafield>
<datafield tag="245" ind1="0" ind2="0">
<subfield code="a">Análisis económico-financiero de la Real Federación Española de Gimnasia</subfield>
</datafield>
</record></metadata></record></GetRecord></OAI-PMH>